000 00548nam a2200181Ia 4500
003 GCL
008 140319s9999 xx 000 0 ara d
040 _aGCL /
_cGCL
082 0 4 _aط
_b813.088
_bس ق
100 1 _aعبدالتواب يوسف
245 1 0 _aايوب /
_cعبدالتواب يوسف
260 _a[S.N] :
_bدار الكتاب المصرى ،
_c1989
490 _aقصص الانبياء للابناء
_v0
650 0 4 _aالاطفال
650 0 4 _aقصص الاطفال
650 0 4 _aقصص الانبياء
942 _2ddc
_cBK
999 _c58095
_d58095